| 000 | 00615nam a2200193Ia 4500 | ||
|---|---|---|---|
| 003 | GCL | ||
| 008 | 140319s9999 xx 000 0 ara d | ||
| 040 |
_aGCL / _cGCL |
||
| 082 | 0 | 4 |
_a816 _bس ر |
| 100 | 1 | _aسوفنير بوك هاوس | |
| 245 | 1 | 0 |
_aرسائل التعارف / _cسوفنير بوك هاوس |
| 260 |
_aبيروت : _bسوفنير بوك هاوس |
||
| 300 |
_a105 ص ؛ _c20 سم |
||
| 490 |
_aسلسلة عالم المراسلات _v1 |
||
| 650 | 0 | 4 | _aالادب |
| 650 | 0 | 4 | _aالرسائل العربية العاطفية |
| 650 | 0 | 4 | _aالرسائل الغرامية |
| 942 |
_2ddc _cBK |
||
| 999 |
_c43500 _d43500 |
||